Statistics for Fictional Presidents of the United States

Click here to take the quiz!

General Stats

  • This quiz has been taken 23 times
  • The average score is 2 of 18

Answer Stats

HintAnswer% Correct
The 46th president, 'House of Cards'Frank Underwood
65%
Portrayed by Martin Sheen in 'The West Wing'Josiah Bartlet
50%
She succeeded president TrumpLisa Simpson
25%
Don't blame me I voted for KodosPresident Kang
25%
In the last episode of DallasCliff Barnes
5%
Splinter CellDavid Bowers
5%
IdiocracyDwayne Elizondo Mountain Dew Herbert Camacho
5%
Mistakes Willy Wonka for a MartianLancelot R. Gilligrass
5%
Iron Man 3, Captain America, Marvel's Agents of S.H.I.E.L.D.Matthew Ellis
5%
Tries to communicate with Aliens playing 'Crazy Frog' on the keyboardPresident Hathaway
5%
The Day After TomorrowRichard Blake
5%
CEO of Buy-N-Large in Wall-EShelby Forthright
5%
60th president, in 'Futurama'FXJKHR
0%
America 2014: An Orwellian TaleGeorge Blush
0%
Portrayed by Jack Nicholson in 'Mars Attacks!'James Dale
0%
"You can't fight in here this is the war room!"Merkin Muffley
0%
The Man in the High Castle,President Bricker
0%
Ordered the bombing of Damascus in 'Mostly Harmless'President Hudson
0%

Score Distribution

Percentile by Number Answered

Percent of People with Each Score

Your Score History

You have not taken this quiz